| 000 | 00398 a2200133 4500 | ||
|---|---|---|---|
| 020 | _a0194424324 | ||
| 050 |
_aRA409 _b.B53 1987 |
||
| 100 |
_aBland, Martin. _96443 |
||
| 245 |
_aAn introduction to medical statistics / _cMartin Bland |
||
| 260 |
_aOxford ; New York : _bOxford University Press, _cc1987. |
||
| 300 |
_axiii, 365 p. : _bill. ; _c24 cm. |
||
| 504 | _aIncludes index. | ||
| 942 |
_2lcc _cBK _n0 |
||
| 999 |
_c3107 _d3107 |
||